000 00391nam a2200169Ia 4500
008 230524s9999 xx 000 0 und d
020 _a9788131765067
082 _bKAM
100 _aAshok N. Kamthane
245 0 _aData structures Using C
250 _a1
260 _aNew Delhi
_bTMH
300 _a"VIII,12.25p;"
500 _aQuantity Number: 1
650 _aComp-Sc
942 _cBK
999 _c57676
_d57676